| 000 | 01835cac a22004095a 4500 | ||
|---|---|---|---|
| 001 | 13380555 | ||
| 005 | 20201128013456.0 | ||
| 008 | 031022t2004 caua frb 101 0 eng d | ||
| 010 | _a2003023182 | ||
| 020 | _a0787968307 (alk. paper) | ||
| 020 | _a9780787968304 | ||
| 040 |
_aEG-ScBUE _beng _cEG-ScBUE |
||
| 042 | _apcc | ||
| 050 | 0 | 0 |
_aHD57.7 _b.K733 2002 |
| 082 | 0 | 4 |
_a658.4092 _222 _bIMP |
| 111 | 2 |
_aKravis-deRoulet Leadership Conference _n(12th : _d2002 : _cClaremont McKenna College) |
|
| 245 | 0 | 0 |
_aImproving leadership in nonprofit organizations / _cedited by Ronald E. Riggio, Sarah Smith Orr ; foreword by Jack Shakely. |
| 260 |
_aSan Francisco, California : _bJossey-Bass, _cc.2004. |
||
| 300 |
_axxx, 290 p. : _bill., tables ; _c25 cm. |
||
| 500 | _a"Two-day conference, the 12th annual Kravis-de Roulet Leadership Conference, held at Claremont McKenna College on February 22-23, 2002"--Preface. | ||
| 500 | _aInclude indexes. | ||
| 504 | _aInclude bibliographical references. | ||
| 590 | _ayassmeen ashraf | ||
| 650 | 0 |
_aLeadership _vCongresses. _2BUEsh |
|
| 650 | 0 |
_aNonprofit organizations _vCongresses. _2BUEsh |
|
| 651 | _2BUEsh | ||
| 653 |
_bBUSADM _cAugust2015 |
||
| 655 |
_vreading book _934232 |
||
| 700 | 1 |
_aRiggio, Ronald E., _eeditor. |
|
| 700 | 1 |
_aOrr, Sarah Smith, _d1942- _eeditor. |
|
| 700 | 1 |
_aShakely, Jack, _91831 _eeditor. |
|
| 856 | 4 | 2 |
_3Contributor biographical information _uhttp://www.loc.gov/catdir/bios/wiley046/2003023182.html |
| 856 | 4 | 2 |
_3Publisher description _uhttp://www.loc.gov/catdir/description/wiley041/2003023182.html |
| 856 | 4 | 1 |
_3Table of contents _uhttp://www.loc.gov/catdir/toc/ecip0410/2003023182.html |
| 942 |
_2ddc _cBB |
||
| 999 |
_c10370 _d10370 |
||